Resident Evil VII: Biohazard - Characters - Statistics

General Stats
  • This quiz has been taken 745 times
  • The average score is 8 of 16
Answer Stats
Answer % Correct
Ethan Winters
97%
Mia Winters
97%
Jack Baker
95%
Zoe Baker
87%
Lucas Baker
83%
Eveline
70%
Marguerite Baker
64%
Chris Redfield
57%
Joe Baker
55%
Clancy Jarvis
54%
Andre Strickland
31%
Peter Walken
19%
Alan
12%
Hoffman
9%
David Anderson
7%
Veronica
3%
No matching quizzes found
Score Distribution
Percent of People with Each Score
Percentile by Number Answered
Your Score History
You have not taken this quiz